Quiz o Słowacji - Statystyki

Ogólne statystyki
  • Ten quiz został rozwiązany 27 razy
  • Średni wynik to 14 z 16
Statystyki odpowiedzi
Pytanie Odpowiedź % Poprawnych
Państwa graniczące Austria
100%
Stolica Bratysława
100%
Państwa graniczące Czechy
100%
Dwie organizacje do których Słowacja dołączyła w 2004 roku NATO
100%
Państwo którego Słowacja była częścią w latach 1918-1993 Czechosłowacja
96%
Waluta Euro
96%
Państwa graniczące Polska
96%
Państwa graniczące Węgry
96%
Rzeka przepływająca przez stolicę Słowacji Dunaj
87%
Pasmo górskie pokrywające większość Słowacji Karpaty
87%
Państwa graniczące Ukraina
87%
Stolica leżąca blisko stolicy Słowacji Wiedeń
83%
Dwie organizacje do których Słowacja dołączyła w 2004 roku UE
78%
Państwo którego Słowacja była marionetką w II wojnie światowej III Rzesza
70%
Najpopularniejszy sport Hokej
57%
Około 8.5% ludności należy do tej grupy narodowej Węgrzy
39%
Nie znaleziono quizów pasujących do podanych kryteriów
Rozkład punktacji
Procent ludzi z każdym wynikiem
Percentyl według liczby udzielonych odpowiedzi
Twoja historia wyników
Nie rozwiązałeś tego quizu